[Event "Tch-CRO 1stA liga 2016"]
[Site "Sibenik"]
[Date "2016.10.08"]
[Round "1.5"]
[White "Ivic, Mateo"]
[Black "Dutina, Dario"]
[Result "0-1"]
[WhiteElo "2234"]
[BlackElo "2304"]
[PlyCount "66"]
[EventDate "2016.??.??"]
[EventCountry "CRO"]

1. e4 d6 2. d4 Nf6 3. Nc3 e5 4. Nf3 Nbd7 5. Bc4 Be7 6. O-O Nb6 7. Be2 exd4 8.
Nxd4 O-O 9. Bf4 Re8 10. a4 a5 11. Ndb5 Be6 12. b3 Nfd7 13. Qd2 Bf6 14. Rad1 Nc5
15. Rfe1 Bd7 16. Bf3 Bc6 17. Nxc7 Qxc7 18. Bxd6 Qd8 19. e5 Bg5 20. Qe2 Qc8 21.
Nb5 Ne6 22. g3 Be7 23. Bg4 Nd5 24. Rxd5 Bxd5 25. c4 Bc6 26. Nc7 Bxd6 27. Nxe8
Bxe5 28. Qxe5 Qxe8 29. h4 Nd4 30. Qxe8+ Rxe8 31. Rxe8+ Bxe8 32. Bd1 Bc6 33. Kf1
Bf3 0-1

[Event "Tch-CRO 1stA liga 2016"]
[Site "Sibenik"]
[Date "2016.10.08"]
[Round "1.5"]
[White "Bozinovic, Bogdan"]
[Black "Susak, Zeljko"]
[Result "1-0"]
[WhiteElo "2219"]
[BlackElo "2206"]
[PlyCount "55"]
[EventDate "2016.??.??"]
[EventCountry "CRO"]

1. d4 Nf6 2. c4 e6 3. Nc3 Bb4 4. f3 d5 5. a3 Bxc3+ 6. bxc3 c6 7. Qc2 O-O 8. e4
dxe4 9. fxe4 e5 10. Nf3 Nbd7 11. Bd3 h6 12. O-O c5 13. d5 Nh7 14. Qf2 f5 15.
exf5 Nhf6 16. Nh4 e4 17. Be2 Ne5 18. Qg3 Nf7 19. Bf4 Re8 20. Bc7 Qd7 21. Rae1
Qa4 22. Ng6 Qxa3 23. Ne5 Qa4 24. Nxf7 Kxf7 25. Be5 Qa6 26. Bxf6 Kxf6 27. Qg6+
Ke7 28. Qxg7+ 1-0

[Event "Tch-CRO 1stA liga 2016"]
[Site "Sibenik"]
[Date "2016.10.09"]
[Round "2.1"]
[White "Saric, Ivan"]
[Black "Postny, Evgeny"]
[Result "0-1"]
[WhiteElo "2666"]
[BlackElo "2611"]
[PlyCount "124"]
[EventDate "2016.??.??"]
[EventCountry "CRO"]

1. e4 e5 2. Nf3 Nc6 3. Bb5 a6 4. Ba4 Nf6 5. O-O Be7 6. Re1 b5 7. Bb3 d6 8. c3
O-O 9. h3 Nb8 10. d4 Nbd7 11. Nbd2 Bb7 12. Bc2 c5 13. d5 c4 14. Nf1 Qc7 15. Ne3
g6 16. Qe2 Nc5 17. Ng4 Nxg4 18. hxg4 Bc8 19. Nh2 Bd7 20. g3 a5 21. Kg2 Rab8 22.
Rh1 f6 23. Nf1 b4 24. Ne3 b3 25. axb3 cxb3 26. Bb1 Rf7 27. Bd2 a4 28. c4 Qa7
29. f4 Re8 30. Nd1 Bd8 31. Nf2 Ba5 32. Be3 Bb6 33. Qf3 Nb7 34. Bxb6 Qxb6 35.
Rc1 Qd4 36. Qc3 Qxc3 37. Rxc3 Nc5 38. f5 g5 39. Kf3 Rc8 40. Bd3 Be8 41. Be2
Rfc7 42. Ke3 Nb7 43. Rac1 Na5 44. Kd2 Kf8 45. Nd1 Ke7 46. Ne3 Kd8 47. Rh1 Nb7
48. Nf1 Na5 49. Ne3 Nb7 50. Nf1 Nc5 51. Ke3 a3 52. bxa3 Ra8 53. Nd2 Rxa3 54.
Rb1 Rb7 55. Bd1 Ba4 56. Nf3 Ra2 57. Nd2 Kc8 58. Be2 b2 59. Bd3 Ra1 60. Ke2 Kd8
61. Ke3 Bd1 62. Bf1 Na4 0-1

[Event "Tch-CRO 1stA liga 2016"]
[Site "Sibenik"]
[Date "2016.10.09"]
[Round "2.1"]
[White "Drazic, Sinisa"]
[Black "Predojevic, Borki"]
[Result "0-1"]
[WhiteElo "2430"]
[BlackElo "2640"]
[PlyCount "54"]
[EventDate "2016.??.??"]
[EventCountry "CRO"]

1. e4 c5 2. Nf3 d6 3. d4 cxd4 4. Nxd4 Nf6 5. Nc3 a6 6. h3 Nc6 7. Be3 e6 8. g4
h6 9. Bg2 Qc7 10. Nde2 b5 11. O-O Bb7 12. a4 b4 13. Na2 Be7 14. Ng3 d5 15. exd5
Nxd5 16. Bxd5 Rd8 17. c4 O-O 18. Nf5 exf5 19. gxf5 Ne5 20. Qe2 Bxd5 21. cxd5
Rxd5 22. Rfd1 Qb7 23. Rxd5 Qxd5 24. Qxa6 Ra8 25. Qf1 Rxa4 26. Nc3 Nf3+ 27. Kg2
bxc3 0-1

[Event "Tch-CRO 1stA liga 2016"]
[Site "Sibenik"]
[Date "2016.10.09"]
[Round "2.1"]
[White "Markus, Robert"]
[Black "Djurovic, Goran"]
[Result "1-0"]
[WhiteElo "2649"]
[BlackElo "2398"]
[PlyCount "71"]
[EventDate "2016.??.??"]
[EventCountry "CRO"]

1. d4 d5 2. c4 e6 3. Nf3 c6 4. Nbd2 f5 5. g3 Nd7 6. Bg2 Bd6 7. O-O Ngf6 8. Qc2
O-O 9. Ne1 Qe7 10. Nd3 b6 11. b3 Bb7 12. Bb2 Rac8 13. Rac1 c5 14. e3 Ba8 15.
Nf3 dxc4 16. bxc4 Bxf3 17. Bxf3 e5 18. dxe5 Nxe5 19. Bg2 Nxd3 20. Bxf6 Qxf6 21.
Qxd3 Rcd8 22. Rcd1 Be5 23. Qa3 Qe7 24. Rd3 Rxd3 25. Qxd3 Qd6 26. Qa3 Qd7 27.
Bf3 Bb8 28. Rd1 Qe8 29. Rd5 g6 30. Qd3 Kh8 31. Rd7 Qe5 32. Rb7 Qd6 33. Bd5 Qf6
34. Qa3 Rc8 35. Rf7 Qe5 36. Qa6 1-0

[Event "Tch-CRO 1stA liga 2016"]
[Site "Sibenik"]
[Date "2016.10.09"]
[Round "2.1"]
[White "Bukal, Vladimir Jr"]
[Black "Jovanovic, Zoran"]
[Result "1/2-1/2"]
[WhiteElo "2422"]
[BlackElo "2526"]
[PlyCount "61"]
[EventDate "2016.??.??"]
[EventCountry "CRO"]

1. d4 d6 2. Nf3 g6 3. c4 Bg7 4. Nc3 e5 5. g3 exd4 6. Nxd4 Ne7 7. Bg2 Nbc6 8.
Nxc6 Nxc6 9. O-O O-O 10. Bd2 Be6 11. b3 Qd7 12. Re1 Bh3 13. Bh1 Rae8 14. Rc1
Nd4 15. Nd5 Ne6 16. Bh6 f5 17. Qd2 c6 18. Bxg7 Qxg7 19. Nf4 Nxf4 20. gxf4 g5
21. fxg5 f4 22. Bf3 Qxg5+ 23. Kh1 Qe5 24. Rcd1 Rf6 25. Rg1+ Kh8 26. Qd4 Qxd4
27. Rxd4 a5 28. Re4 Rxe4 29. Bxe4 Re6 30. Bf3 h6 31. a3 1/2-1/2

[Event "Tch-CRO 1stA liga 2016"]
[Site "Sibenik"]
[Date "2016.10.09"]
[Round "2.1"]
[White "Jovanic, Ognjen"]
[Black "Dutina, Dario"]
[Result "1-0"]
[WhiteElo "2473"]
[BlackElo "2304"]
[PlyCount "231"]
[EventDate "2016.??.??"]
[EventCountry "CRO"]

1. d4 e6 2. Nf3 b6 3. c4 Bb7 4. a3 f5 5. Nc3 Nf6 6. d5 Bd6 7. g3 O-O 8. Bg2 a5
9. O-O Na6 10. Nb5 Ne4 11. Nd2 Nac5 12. Nxe4 Nxe4 13. Be3 Be5 14. Rb1 c6 15.
dxc6 dxc6 16. Nd4 Qe7 17. Nf3 Bc7 18. Nd2 Nxd2 19. Qxd2 Rfd8 20. Qc3 Rab8 21.
c5 b5 22. b4 a4 23. Rbd1 Rxd1 24. Rxd1 Rd8 25. Rxd8+ Qxd8 26. Bd4 Qd7 27. f4
Bd8 28. Bf3 Qf7 29. Be5 Qd7 30. Bd4 Qf7 31. h3 Qd7 32. Kg2 Bc7 33. Qe3 Bd8 34.
Bb2 Bc7 35. g4 Bc8 36. g5 Bb7 37. h4 Kf7 38. h5 Kf8 39. Be5 Bd8 40. Bd6+ Kg8
41. Kh2 Qe8 42. Qg1 Qf7 43. Be5 Qd7 44. h6 g6 45. Qe3 Kf7 46. Bd6 Kg8 47. Qe5
Ba8 48. Kg3 Bb7 49. Kf2 Ba8 50. Qe3 Bb7 51. Qe5 Ba8 52. Kf1 Bb7 53. Ke1 Ba8 54.
Kf2 Bb7 55. Qe3 Ba8 56. Be5 Bb7 57. Bd6 Kf7 58. Qc3 Kg8 59. Bg2 Ba8 60. Qe3 Bb7
61. Be5 Kf7 62. Bb2 Bc7 63. Be5 Bd8 64. Bd6 Kg8 65. Qd4 Ba8 66. Ke3 Bb7 67. Bf3
Ba8 68. Kd3 Bb7 69. Kc2 Ba8 70. Qe3 Bb7 71. Be5 Kf7 72. Ba1 Bc7 73. Bb2 Ba8 74.
Qc3 e5 75. Qe3 Qe6 76. Bxe5 Bxe5 77. Qxe5 Qxe5 78. fxe5 Ke6 79. Bh5 Kxe5 80.
Bxg6 Kf4 81. Bxh7 Kxg5 82. Bxf5 Kxh6 83. Kd3 Kg5 84. Ke4 Kf6 85. Kf4 Bb7 86. e4
Ke7 87. Ke5 Ba6 88. Be6 Bb7 89. Kf5 Ba6 90. Ke5 Bb7 91. Bh3 Ba6 92. Bg4 Bb7 93.
Bf5 Ba6 94. Bh3 Bb7 95. Bg4 Ba6 96. Bf5 Bb7 97. Kf4 Ba6 98. Kg5 Bb7 99. Bh3 Ba6
100. Bg4 Bb7 101. Bf5 Ba6 102. Kg6 Bb7 103. Bh3 Ba6 104. Bg4 Bb7 105. Bf5 Ba6
106. Kg7 Bb7 107. Bh3 Ba6 108. Bg4 Bb7 109. Bf5 Ba6 110. e5 Bb7 111. Bd7 Ba6
112. e6 Bb7 113. Kg6 Ba6 114. Kf5 Bb7 115. Ke5 Ba8 116. Bc8 1-0

[Event "Tch-CRO 1stA liga 2016"]
[Site "Sibenik"]
[Date "2016.10.09"]
[Round "2.1"]
[White "Bozinovic, Bogdan"]
[Black "Plenca, Jadranko"]
[Result "0-1"]
[WhiteElo "2207"]
[BlackElo "2412"]
[PlyCount "60"]
[EventDate "2016.??.??"]
[EventCountry "CRO"]

1. d4 d5 2. c4 e6 3. Nc3 Be7 4. Nf3 Nf6 5. Bg5 h6 6. Bh4 O-O 7. Rc1 b6 8. e3
Bb7 9. Be2 dxc4 10. Bxc4 Nbd7 11. O-O c5 12. Qe2 a6 13. dxc5 Nxc5 14. Rfd1 Qe8
15. a3 Rc8 16. Ne5 Nd5 17. Bg3 Nxc3 18. Rxc3 Ne4 19. Rcc1 b5 20. Ba2 Rxc1 21.
Rxc1 Nxg3 22. hxg3 Qa8 23. Qh5 Bd5 24. Bxd5 Qxd5 25. Rd1 Qe4 26. Rd7 g6 27. Qe2
Bf6 28. Ng4 Bg7 29. b4 Rc8 30. Rd1 Rc2 0-1

[Event "Tch-CRO 1stA liga 2016"]
[Site "Sibenik"]
[Date "2016.10.09"]
[Round "2.2"]
[White "Cheparinov, Ivan"]
[Black "Bekker-Jensen, Simon"]
[Result "1-0"]
[WhiteElo "2677"]
[BlackElo "2466"]
[PlyCount "47"]
[EventDate "2016.??.??"]
[EventCountry "CRO"]

1. d4 Nf6 2. c4 e6 3. Nf3 d5 4. g3 Be7 5. Bg2 O-O 6. O-O dxc4 7. Qc2 b6 8. Bg5
Bb7 9. Bxf6 Bxf6 10. Ng5 Bxg5 11. Bxb7 Nd7 12. Bxa8 Qxa8 13. Qxc4 c5 14. Nc3
cxd4 15. Qxd4 Nc5 16. Rfd1 Rc8 17. h4 Bf6 18. Qe3 a5 19. Rac1 h6 20. b3 Qb7 21.
Ne4 Nxe4 22. Rxc8+ Qxc8 23. Qxe4 Be7 24. Qd3 1-0

[Event "Tch-CRO 1stA liga 2016"]
[Site "Sibenik"]
[Date "2016.10.09"]
[Round "2.2"]
[White "Sprenger, Jan Michael"]
[Black "Hracek, Zbynek"]
[Result "0-1"]
[WhiteElo "2513"]
[BlackElo "2594"]
[PlyCount "74"]
[EventDate "2016.??.??"]
[EventCountry "CRO"]

1. e4 c5 2. Nf3 d6 3. d4 cxd4 4. Nxd4 Nf6 5. Nc3 a6 6. Be3 e5 7. Nb3 Be6 8. h3
Nbd7 9. g4 Rc8 10. Qf3 Rxc3 11. bxc3 d5 12. Bd3 Qc7 13. g5 dxe4 14. Bxe4 Nxe4
15. Qxe4 Qxc3+ 16. Bd2 Qc7 17. h4 Bd6 18. O-O f5 19. Qa4 O-O 20. f4 Qxc2 21.
Rac1 Qd3 22. Rc3 Qe2 23. Rg3 Qh5 24. fxe5 Bxe5 25. Rg2 b5 26. Qxa6 Bd5 27. Qxb5
Bxg2 28. Qc4+ Rf7 29. Kxg2 f4 30. Kh3 Qg6 31. Qc8+ Nf8 32. Qg4 Qc2 33. Rf3 Qxa2
34. h5 Qb1 35. Kg2 Qe4 36. Kh3 Ne6 37. Rf1 Qd3+ 0-1

[Event "Tch-CRO 1stA liga 2016"]
[Site "Sibenik"]
[Date "2016.10.09"]
[Round "2.2"]
[White "Sulava, Nenad"]
[Black "Rade, Miroslav"]
[Result "1-0"]
[WhiteElo "2459"]
[BlackElo "2451"]
[PlyCount "53"]
[EventDate "2016.??.??"]
[EventCountry "CRO"]

1. Nf3 Nf6 2. c4 c5 3. Nc3 Nc6 4. e3 e5 5. a3 d5 6. cxd5 Nxd5 7. Qc2 Be6 8. Bb5
f6 9. d4 Nxc3 10. bxc3 Bd6 11. dxe5 fxe5 12. Bd3 g6 13. Rb1 Qe7 14. Be4 c4 15.
h4 O-O-O 16. Bxc6 bxc6 17. Qa4 Bd5 18. e4 Bxe4 19. Bg5 Qe6 20. Qa6+ Kd7 21.
Rb7+ Bc7 22. Bxd8 Rxd8 23. Qxa7 Qd6 24. O-O Bd3 25. Rxc7+ Qxc7 26. Nxe5+ Kc8
27. Qa8+ 1-0

[Event "Tch-CRO 1stA liga 2016"]
[Site "Sibenik"]
[Date "2016.10.09"]
[Round "2.2"]
[White "Doric, Darko"]
[Black "Zivkovic, Vjekoslav"]
[Result "1-0"]
[WhiteElo "2481"]
[BlackElo "2366"]
[PlyCount "81"]
[EventDate "2016.??.??"]
[EventCountry "CRO"]

1. d4 Nf6 2. c3 e6 3. Bg5 c5 4. e3 b6 5. Nd2 Bb7 6. Ngf3 Be7 7. Bd3 O-O 8. Qe2
d5 9. O-O Ne4 10. Bxe7 Qxe7 11. a4 Nxd2 12. Qxd2 Nc6 13. Qe2 Rad8 14. Rfd1 g6
15. h3 Qc7 16. Ra3 Rfe8 17. Bb5 Re7 18. Bxc6 Bxc6 19. a5 f6 20. axb6 axb6 21.
Rda1 Rde8 22. Ra6 Bb7 23. Ra7 Qc6 24. Qc2 e5 25. Qb3 exd4 26. cxd4 Kg7 27. Qa3
Rc7 28. Rc1 c4 29. Qb4 Ra8 30. Rca1 Rxa7 31. Rxa7 Bc8 32. Ra3 g5 33. Nd2 Bf5
34. Ra6 Rb7 35. Ra8 Qe6 36. Qf8+ Kg6 37. Nf1 Qe7 38. Qg8+ Kh6 39. Qxd5 Be4 40.
Qg8 b5 41. Re8 1-0

[Event "Tch-CRO 1stA liga 2016"]
[Site "Sibenik"]
[Date "2016.10.09"]
[Round "2.2"]
[White "Mrkonjic, Nenad"]
[Black "Ivic, Mateo"]
[Result "1-0"]
[WhiteElo "2353"]
[BlackElo "2234"]
[PlyCount "63"]
[EventDate "2016.??.??"]
[EventCountry "CRO"]

1. e4 e5 2. Nf3 Nc6 3. d4 exd4 4. Nxd4 Bc5 5. Nb3 Bb6 6. Nc3 Qf6 7. Qe2 Nge7 8.
Be3 O-O 9. O-O-O d6 10. h4 Be6 11. Kb1 Rfe8 12. Bxb6 axb6 13. Qd2 Ng6 14. h5
Nge5 15. f4 Nc4 16. Bxc4 Bxc4 17. g4 b5 18. g5 Qe7 19. Rde1 Nb4 20. a3 Nd3 21.
cxd3 Bxb3 22. Nxb5 c5 23. Qc3 Ba4 24. h6 f6 25. gxf6 gxf6 26. Rhg1+ Kf8 27. Rg7
Bxb5 28. Rxe7 Kxe7 29. Qb3 Ba6 30. Rg1 Kd7 31. Rg7+ Re7 32. Qd5 1-0

[Event "Tch-CRO 1stA liga 2016"]
[Site "Sibenik"]
[Date "2016.10.09"]
[Round "2.2"]
[White "Susak, Zeljko"]
[Black "Feletar, Darko"]
[Result "1/2-1/2"]
[WhiteElo "2206"]
[BlackElo "2363"]
[PlyCount "36"]
[EventDate "2016.??.??"]
[EventCountry "CRO"]

1. e4 c5 2. Nc3 e6 3. f4 Nc6 4. Nf3 Nge7 5. d3 d5 6. Be2 d4 7. Nb1 e5 8. Nxe5
Nxe5 9. fxe5 Ng6 10. O-O Nxe5 11. Bf4 Bd6 12. Nd2 O-O 13. Qe1 Ng6 14. Bxd6 Qxd6
15. a4 Be6 16. Bh5 Ne5 17. b3 Rad8 18. Qh4 Rd7 1/2-1/2

[Event "Tch-CRO 1stA liga 2016"]
[Site "Sibenik"]
[Date "2016.10.09"]
[Round "2.3"]
[White "Rogic, Davor"]
[Black "Stevic, Hrvoje"]
[Result "1/2-1/2"]
[WhiteElo "2513"]
[BlackElo "2602"]
[PlyCount "20"]
[EventDate "2016.??.??"]
[EventCountry "CRO"]

1. e4 c5 2. Nf3 e6 3. d4 cxd4 4. Nxd4 Nf6 5. Nc3 d6 6. Be2 Be7 7. O-O O-O 8.
Be3 Nc6 9. Kh1 a6 10. a4 Qc7 1/2-1/2

[Event "Tch-CRO 1stA liga 2016"]
[Site "Sibenik"]
[Date "2016.10.09"]
[Round "2.3"]
[White "Palac, Mladen"]
[Black "Rubil, Marko"]
[Result "1-0"]
[WhiteElo "2618"]
[BlackElo "2306"]
[PlyCount "81"]
[EventDate "2016.??.??"]
[EventCountry "CRO"]

1. e4 e5 2. Nf3 Nc6 3. Bb5 a6 4. Ba4 Nf6 5. O-O Be7 6. d3 b5 7. Bb3 d6 8. a3
O-O 9. h3 Na5 10. Ba2 c5 11. Bg5 Be6 12. Nc3 Rc8 13. Bxf6 Bxf6 14. Nd5 c4 15.
dxc4 bxc4 16. b4 cxb3 17. cxb3 Nc6 18. b4 Nd4 19. Nxd4 exd4 20. Nxf6+ Qxf6 21.
Qe2 Rc3 22. Bxe6 fxe6 23. Qxa6 Qe5 24. Rad1 h6 25. Qb6 d3 26. Qe3 Rxa3 27. Rxd3
Rxd3 28. Qxd3 Rf4 29. f3 d5 30. Re1 dxe4 31. Rxe4 Qf5 32. Qc4 Rxe4 33. Qxe4 Qf7
34. b5 Qa7+ 35. Kh1 Kf7 36. Qf4+ Ke7 37. Qe5 Kf7 38. Qd6 Qe3 39. b6 e5 40. Qc7+
Kf6 41. b7 1-0

[Event "Tch-CRO 1stA liga 2016"]
[Site "Sibenik"]
[Date "2016.10.09"]
[Round "2.3"]
[White "Zelcic, Robert"]
[Black "Matanovic, Luka"]
[Result "1-0"]
[WhiteElo "2518"]
[BlackElo "2183"]
[PlyCount "77"]
[EventDate "2016.??.??"]
[EventCountry "CRO"]

1. e4 e5 2. Nf3 Nc6 3. Nc3 Nf6 4. d4 exd4 5. Nxd4 Bb4 6. Nxc6 bxc6 7. Bd3 d5 8.
exd5 cxd5 9. O-O O-O 10. h3 c6 11. Qf3 Rb8 12. Bf4 Bd6 13. b3 Rb4 14. Ne2 Qc7
15. Bxd6 Qxd6 16. Rad1 c5 17. c4 Bb7 18. Qg3 Qxg3 19. Nxg3 g6 20. Rfe1 a5 21.
Re7 a4 22. bxa4 Ra8 23. cxd5 Bxd5 24. Bb5 Bxa2 25. Rd6 Be6 26. Rc7 c4 27. Ne2
h5 28. Nf4 Ne4 29. Rd4 Nc3 30. Nxe6 fxe6 31. Rdd7 Nxb5 32. axb5 Rxb5 33. Rg7+
Kh8 34. Rxg6 Rf8 35. Rxe6 Rb1+ 36. Kh2 Rc1 37. f3 Rc2 38. h4 c3 39. Re5 1-0

[Event "Tch-CRO 1stA liga 2016"]
[Site "Sibenik"]
[Date "2016.10.09"]
[Round "2.4"]
[White "Ivanisevic, Ivan"]
[Black "Kozul, Zdenko"]
[Result "0-1"]
[WhiteElo "2641"]
[BlackElo "2619"]
[PlyCount "136"]
[EventDate "2016.??.??"]
[EventCountry "CRO"]

1. d4 Nf6 2. c4 g6 3. f3 Bg7 4. e4 d6 5. Ne2 Nbd7 6. Be3 e5 7. d5 h5 8. Qd2 a5
9. Nbc3 b6 10. h4 Nc5 11. Nb5 Nh7 12. Nec3 O-O 13. O-O-O f5 14. exf5 gxf5 15.
g3 Bd7 16. Be2 Nf6 17. Bg5 Qc8 18. Be3 Qd8 19. Bg5 Qc8 20. Rdf1 Be8 21. Rhg1
Qd7 22. Bd1 Bg6 23. Bc2 Bh7 24. Kb1 Kh8 25. Be3 Rg8 26. Nd1 Bf8 27. Bg5 Be7 28.
Ne3 Raf8 29. Na7 Ne8 30. f4 e4 31. Nc6 Bf6 32. Nd4 Bg7 33. Nc6 Nf6 34. Bd1 Bg6
35. Be2 Re8 36. Nd4 Nh7 37. g4 fxg4 38. f5 Bf7 39. Ne6 Be5 40. Bxg4 hxg4 41.
Nxg4 Bh5 42. Nxe5 dxe5 43. Qe3 c6 44. Bh6 Bg4 45. f6 Nxe6 46. dxe6 Bxe6 47.
Bg7+ Rxg7 48. fxg7+ Kg8 49. Qxe4 Bf7 50. Rd1 Qe6 51. b3 b5 52. cxb5 cxb5 53.
Kb2 a4 54. Qb4 axb3 55. axb3 e4 56. Rge1 Qe5+ 57. Qd4 e3 58. Qxe5 Rxe5 59. Kc3
Nf6 60. Rd6 Kxg7 61. Kd4 Re4+ 62. Kd3 Bg6 63. Rd4 Re5+ 64. Ke2 Bh5+ 65. Kd3 e2
66. Rf4 Kf7 67. Kd4 Ke6 68. Rf2 Rd5+ 0-1

[Event "Tch-CRO 1stA liga 2016"]
[Site "Sibenik"]
[Date "2016.10.09"]
[Round "2.4"]
[White "Martinovic, Sasa"]
[Black "Dreev, Aleksey"]
[Result "1/2-1/2"]
[WhiteElo "2563"]
[BlackElo "2660"]
[PlyCount "31"]
[EventDate "2016.??.??"]
[EventCountry "CRO"]

1. d4 d5 2. c4 c6 3. Nc3 Nf6 4. e3 Bf5 5. cxd5 cxd5 6. Qb3 Bc8 7. Nf3 e6 8. Bd3
Nbd7 9. Bd2 Be7 10. O-O O-O 11. Rfc1 b6 12. a4 a6 13. Na2 a5 14. Nc3 Bb7 15.
Nb5 Rc8 16. Be1 1/2-1/2

[Event "Tch-CRO 1stA liga 2016"]
[Site "Sibenik"]
[Date "2016.10.09"]
[Round "2.4"]
[White "Lalic, Bogdan"]
[Black "Kurajica, Bojan"]
[Result "1/2-1/2"]
[WhiteElo "2438"]
[BlackElo "2533"]
[PlyCount "35"]
[EventDate "2016.??.??"]
[EventCountry "CRO"]

1. c4 e5 2. Nc3 Bb4 3. Nd5 Be7 4. d4 d6 5. Nf3 e4 6. Nd2 c6 7. Nxe7 Qxe7 8. Nb1
f5 9. Nc3 Nf6 10. Bg5 h6 11. Bxf6 Qxf6 12. e3 O-O 13. Be2 Nd7 14. O-O Qe7 15.
f3 exf3 16. Rxf3 Nf6 17. Bd3 Bd7 18. Qc2 1/2-1/2

[Event "Tch-CRO 1stA liga 2016"]
[Site "Sibenik"]
[Date "2016.10.09"]
[Round "2.4"]
[White "Kovacevic, Vlatko"]
[Black "Plenkovic, Zdenko"]
[Result "1-0"]
[WhiteElo "2449"]
[BlackElo "2405"]
[PlyCount "91"]
[EventDate "2016.??.??"]
[EventCountry "CRO"]

1. d4 Nf6 2. Nf3 g6 3. c4 Bg7 4. Nc3 O-O 5. Bg5 c5 6. d5 d6 7. Nd2 h6 8. Bh4 e5
9. e4 Qb6 10. Rb1 Nh5 11. Be2 Nf4 12. O-O f5 13. f3 Bf6 14. Bf2 Qd8 15. Kh1 Kh8
16. a3 h5 17. b4 b6 18. bxc5 bxc5 19. Qc2 Nxe2 20. Nxe2 f4 21. Rb2 g5 22. Rfb1
Bd7 23. Nb3 Na6 24. Qc3 g4 25. Na5 Qc8 26. Nb7 Qc7 27. Qa5 Qxa5 28. Nxa5 h4 29.
fxg4 Bxg4 30. h3 Bh5 31. Ng1 Bg6 32. Re1 Rab8 33. Rxb8 Rxb8 34. Nf3 Rb2 35.
Bxh4 Bxh4 36. Nxh4 Bh7 37. Nc6 Rc2 38. Ne7 Nb4 39. axb4 cxb4 40. Rb1 Rxc4 41.
Nhf5 Rxe4 42. Nxd6 Rd4 43. Rc1 Bd3 44. Rc8+ Kh7 45. Rc7 Kh8 46. Nc6 1-0

[Event "Tch-CRO 1stA liga 2016"]
[Site "Sibenik"]
[Date "2016.10.09"]
[Round "2.4"]
[White "Loncar, Robert"]
[Black "Muse, Mladen"]
[Result "1/2-1/2"]
[WhiteElo "2380"]
[BlackElo "2379"]
[PlyCount "22"]
[EventDate "2016.??.??"]
[EventCountry "CRO"]

1. d4 Nf6 2. c4 e6 3. Nc3 Bb4 4. Nf3 b6 5. Bd2 Bb7 6. g3 c5 7. dxc5 Bxc5 8. Bg2
O-O 9. O-O Nc6 10. Bg5 Be7 11. Rc1 Rc8 1/2-1/2

[Event "Tch-CRO 1stA liga 2016"]
[Site "Sibenik"]
[Date "2016.10.09"]
[Round "2.4"]
[White "Armanda, Ivica"]
[Black "Doric, Nenad"]
[Result "1/2-1/2"]
[WhiteElo "2345"]
[BlackElo "2246"]
[PlyCount "31"]
[EventDate "2016.??.??"]
[EventCountry "CRO"]

1. e4 e5 2. Nf3 Nf6 3. Nxe5 d6 4. Nf3 Nxe4 5. d4 d5 6. Bd3 Nc6 7. O-O Be7 8. c4
Nb4 9. Nc3 Nxd3 10. Qxd3 Nxc3 11. bxc3 dxc4 12. Qxc4 O-O 13. Re1 Be6 14. Qe2
Re8 15. Bb2 Bf6 16. Nd2 1/2-1/2

[Event "Tch-CRO 1stA liga 2016"]
[Site "Sibenik"]
[Date "2016.10.09"]
[Round "2.5"]
[White "Fedorchuk, Sergey A"]
[Black "Repka, Christopher"]
[Result "1-0"]
[WhiteElo "2624"]
[BlackElo "2473"]
[PlyCount "81"]
[EventDate "2016.??.??"]
[EventCountry "CRO"]

1. e4 e6 2. d4 d5 3. Bd3 dxe4 4. Bxe4 Nf6 5. Bf3 c5 6. Ne2 Nc6 7. Be3 e5 8.
Bxc6+ bxc6 9. dxe5 Qxd1+ 10. Kxd1 Ng4 11. Nd2 Be7 12. h3 Nxe3+ 13. fxe3 O-O 14.
Nf4 Rd8 15. Ke2 f6 16. Rad1 fxe5 17. Nd3 e4 18. Nxe4 c4 19. Ne5 Ba6 20. Nxc6
Re8 21. Nxe7+ Rxe7 22. Nc3 Rae8 23. e4 Bb7 24. Rd4 Bxe4 25. Rxe4 Rxe4+ 26. Nxe4
Rxe4+ 27. Kd2 Rf4 28. Re1 Kf7 29. Re3 Rf2+ 30. Re2 Rf6 31. Kc3 Rf4 32. a4 h5
33. a5 Rf5 34. Kb4 a6 35. Kxc4 Rxa5 36. Kd4 Ra1 37. c4 a5 38. c5 a4 39. c6 a3
40. bxa3 Rxa3 41. c7 1-0

[Event "Tch-CRO 1stA liga 2016"]
[Site "Sibenik"]
[Date "2016.10.09"]
[Round "2.5"]
[White "Zajic, Milan"]
[Black "Georgiev, Kiril"]
[Result "1/2-1/2"]
[WhiteElo "2486"]
[BlackElo "2613"]
[PlyCount "79"]
[EventDate "2016.??.??"]
[EventCountry "CRO"]

1. e4 e5 2. Nf3 Nc6 3. Bb5 Nf6 4. d3 Bc5 5. Bxc6 dxc6 6. Nbd2 Be6 7. O-O Nd7 8.
Nb3 Bb6 9. Ng5 Bxb3 10. axb3 f6 11. Nf3 Nf8 12. Nd2 Ne6 13. Nc4 O-O 14. Kh1 Qd7
15. Be3 Bd4 16. Ra2 a6 17. b4 c5 18. bxc5 Bxc5 19. Qd2 Rfd8 20. b4 Bf8 21. Rb1
b5 22. Na5 c5 23. bxc5 Nxc5 24. Bxc5 Bxc5 25. Nb3 Bf8 26. g3 Rdc8 27. Kg2 Rc6
28. Rba1 Rac8 29. Rb2 Qc7 30. Raa2 Rc3 31. Qd1 Rc6 32. Na5 Rc3 33. Nb3 Ra8 34.
Qa1 Rc6 35. Qe1 Rc3 36. Na5 Ra3 37. Rxa3 Bxa3 38. Ra2 Bf8 39. Nb3 Rc8 40. Kf1
1/2-1/2

[Event "Tch-CRO 1stA liga 2016"]
[Site "Sibenik"]
[Date "2016.10.09"]
[Round "2.5"]
[White "Zovko, Mario"]
[Black "Medak, Bojan"]
[Result "1/2-1/2"]
[WhiteElo "2323"]
[BlackElo "2386"]
[PlyCount "119"]
[EventDate "2016.??.??"]
[EventCountry "CRO"]

1. e4 d6 2. d4 g6 3. c3 Nf6 4. Bd3 Bg7 5. Nf3 O-O 6. O-O c6 7. Re1 Qc7 8. h3 e5
9. Nbd2 Nbd7 10. a4 a5 11. Bc2 Re8 12. Nf1 b6 13. Ng3 Ba6 14. Be3 d5 15. Nxe5
Nxe5 16. dxe5 Nxe4 17. Nxe4 dxe4 18. Bxe4 Bxe5 19. Qc2 Re6 20. Rad1 Rae8 21.
Bf3 Bh2+ 22. Kh1 Bf4 23. Qd2 Bxe3 24. Rxe3 Rxe3 25. fxe3 c5 26. Bd5 Qe5 27. e4
Kg7 28. c4 Bc8 29. Rf1 Re7 30. Qc2 Qg3 31. Rf3 Qe5 32. Qb3 Qd6 33. Qc3+ f6 34.
Kg1 Bd7 35. b3 Qe5 36. Qd2 Be8 37. Qd3 g5 38. Rf5 Qd6 39. Qc3 h6 40. Rf2 Bg6
41. Qf3 Qe5 42. Re2 Qd6 43. Rf2 h5 44. Re2 Re5 45. Re3 Qe7 46. g4 hxg4 47. hxg4
Qc7 48. Re2 Re8 49. Rh2 Qb8 50. Bc6 Rh8 51. Rxh8 Qxh8 52. Qg3 Qh4 53. Qc7+ Kh6
54. Qc8 Qe1+ 55. Kh2 Qf2+ 56. Kh3 Bf7 57. Bd5 Qf3+ 58. Kh2 Qf2+ 59. Kh3 Qf3+
60. Kh2 1/2-1/2

[Event "Tch-CRO 1stA liga 2016"]
[Site "Sibenik"]
[Date "2016.10.09"]
[Round "2.5"]
[White "Blazeka, Matej"]
[Black "Mrdja, Milan"]
[Result "1/2-1/2"]
[WhiteElo "2266"]
[BlackElo "2315"]
[PlyCount "45"]
[EventDate "2016.??.??"]
[EventCountry "CRO"]

1. e4 e6 2. d4 d5 3. Nd2 dxe4 4. Nxe4 Bd7 5. Nf3 Bc6 6. Ned2 Nd7 7. Bd3 Ngf6 8.
O-O Be7 9. c3 O-O 10. Nc4 b6 11. Qe2 Bb7 12. Bf4 Nh5 13. Bd2 c5 14. Rad1 cxd4
15. cxd4 Rc8 16. Rfe1 Nhf6 17. a3 Re8 18. Nce5 Bd6 19. Bg5 h6 20. Bh4 Qc7 21.
Bb5 Rf8 22. Rd3 Bxe5 23. dxe5 1/2-1/2

[Event "Tch-CRO 1stA liga 2016"]
[Site "Sibenik"]
[Date "2016.10.10"]
[Round "3.1"]
[White "Repka, Christopher"]
[Black "Saric, Ivan"]
[Result "1/2-1/2"]
[WhiteElo "2473"]
[BlackElo "2666"]
[PlyCount "146"]
[EventDate "2016.??.??"]
[EventCountry "CRO"]

1. d4 Nf6 2. Nf3 c5 3. d5 b5 4. c4 Qa5+ 5. Nbd2 bxc4 6. e4 Ba6 7. Be2 g6 8. O-O
Bg7 9. e5 Nxd5 10. Nxc4 Bxc4 11. Bxc4 Nb6 12. Bd2 Qa4 13. Bb3 Qc6 14. Rc1 O-O
15. Bg5 Re8 16. Nd4 Qb7 17. Rxc5 Na6 18. Ra5 Rac8 19. Be3 Nc5 20. Nf3 Ne6 21.
Qd3 Rc7 22. h4 Rb8 23. h5 Qc8 24. Rd1 Qf8 25. Rc1 Rxc1+ 26. Bxc1 Bh6 27. Be3
Rb7 28. Qe4 Rc7 29. Bxb6 axb6 30. Ra8 Rc8 31. Rxc8 Qxc8 32. Bxe6 dxe6 33. hxg6
hxg6 34. g3 Qc1+ 35. Kg2 Qxb2 36. a4 Kg7 37. Qd4 Bc1 38. Qe4 Bd2 39. Qe2 Bc3
40. Qe3 Qb4 41. Qd3 Qc5 42. Qc2 Qc6 43. Qc1 Qc4 44. Qe3 Ba5 45. Qd4 Qxd4 46.
Nxd4 Bc3 47. Nc6 Kf8 48. f4 Ke8 49. Kf3 Kd7 50. Na7 Be1 51. g4 Kc7 52. Ke4 Kb7
53. Nb5 Ka6 54. Na3 Kb7 55. Nc2 Bf2 56. Na1 Kc6 57. Nb3 Bg1 58. g5 Bf2 59. a5
bxa5 60. Nxa5+ Kb5 61. Nb3 Kb4 62. Nd2 Kc3 63. Nf3 Bg3 64. Nd4 Bh4 65. Nf3 Bg3
66. Nd4 Bh4 67. Nc6 f6 68. Nxe7 fxg5 69. Nxg6 Kc4 70. Kf3 Kd4 71. Kg4 gxf4 72.
Nxf4 Kxe5 73. Nxe6 Kxe6 1/2-1/2